000 00710cam a2200217 a 4500
001 000006141
005 20200929151940.0
008 820406s1981 sp 001 p spa
020 _a8482770829
040 _aDO-SdBNP
_cDLC
_dDLC
082 _aC861.44
_bD359r
100 1 _aDelmar, Meira
_q(Olga Isabel Chams Eljach)
_d1922-2009
_917270
245 1 0 _aReencuentro /
_cMeira Delmar ; Editor, Carlos Valencia.
260 _aBogotá :
_bCarlos Valencia,
_c1981.
300 _a171 p. ;
_c21 cm.
590 _aAutografiado por el autor.
650 4 _aPoesía colombiana
_93742
650 4 _aLiteratura colombiana
_ySIGLO XX
_914409
700 1 _aValencia, Carlos
_eed.
_917271
910 _aCatalogación por copia / LC
999 _c5937
_d5937